Taylor Swift - Les Surprise Songs du Eras Tour en Amérique du Sud - Statistiques

Statistiques générales
  • Ce quiz a été pris 14 fois
    7 depuis la dernière actualisation
  • Le résultat moyen est 16 sur 26
Statistiques - réponses
Hint Réponse % Correct
Rio De Janeiro, Brésil (19 novembre) 🎹 Bigger Than The Whole Sky
100%
Mexico City, Mexique (26 août) 🎸 Cornelia Street
75%
Buenos Aires, Argentine (11 novembre) 🎹 End Game
75%
Buenos Aires, Argentine (11 novembre) 🎸 Is It Over Now? & Out of the Woods
75%
Mexico City, Mexique (27 août) 🎹 Maroon
75%
Rio De Janeiro, Brésil (20 novembre) 🎸 ME!
75%
São Paulo, Brésil (24 novembre) 🎸 Now That We Don't Talk
75%
São Paulo, Brésil (26 novembre) 🎸 Say Don't Go
75%
Buenos Aires, Argentine (12 novembre) 🎹 "Slut!"
75%
Rio De Janeiro, Brésil (17 novembre) 🎹 Suburban Legends
75%
Mexico City, Mexique (26 août) 🎹 You're On Your Own, Kid
75%
Mexico City, Mexique (27 août) 🎸 Afterglow
50%
Buenos Aires, Argentine (12 novembre) 🎸 Better Than Revenge
50%
Rio De Janeiro, Brésil (19 novembre) 🎸 Dancing With Our Hands Tied
50%
Mexico City, Mexique (24 août) 🎸 I Forgot That You Existed
50%
São Paulo, Brésil (24 novembre) 🎹 Innocent
50%
São Paulo, Brésil (26 novembre) 🎹 It's Time to Go
50%
Buenos Aires, Argentine (9 novembre) 🎹 Labyrinth
50%
São Paulo, Brésil (25 novembre) 🎸 Safe & Sound
50%
Mexico City, Mexique (25 août) 🎹 Snow on the Beach
50%
Rio De Janeiro, Brésil (20 novembre) 🎹 So It Goes...
50%
Rio De Janeiro, Brésil (17 novembre) 🎸 Stay Beautiful
50%
Mexico City, Mexique (24 août) 🎹 Sweet Nothing
50%
Mexico City, Mexique (25 août) 🎸 Tell Me Why
50%
Buenos Aires, Argentine (9 novembre) 🎸 The Very First Night
50%
São Paulo, Brésil (25 novembre) 🎹 Untouchable
50%
Aucun quiz correspondant
Distribution des résultats
% des personnes avec chaque résultat
Percentile par nombre de réponses
Votre historique - résultats
Vous n’avez pas pris ce quiz depuis la dernière actualisation